| 000 | 00675nam a2200217Ia 4500 | ||
|---|---|---|---|
| 003 | IN-BaIIA | ||
| 008 | 211028s9999 xx 000 0 eng d | ||
| 040 | _cIIA Library | ||
| 080 |
_a51.53.54 _bMAR |
||
| 100 | _aMargenau, Henry | ||
| 245 | 4 |
_aThe mathematics of physics and chemistry _cHenry Margenau and Moseley George Murphy |
|
| 260 |
_aToronto _bD. Van Nostrand _c1943 |
||
| 300 | _axii, 581p. | ||
| 500 | _aDonated by Mrs. Bappu | ||
| 650 | _aAstronomy and Astrophysics Thesaurus | ||
| 650 | _aChemistry | ||
| 650 |
_aMathematics _982 |
||
| 650 |
_aPhysics _973 |
||
| 700 |
_aMurphy, Moseley George _912767 |
||
| 942 | _cBK | ||
| 999 |
_c7491 _d7491 |
||